U.S. Presidents by Three Words - Statistics

General Stats
  • This quiz has been taken 35 times
  • The average score is 11 of 16
Answer Stats
Hint Presidents % Correct
Emancipator, Gettysburg, Assassinated Abraham Lincoln
100%
Afghanistan, Iraq, Recession George W. Bush
97%
Covid, Infrastructure, Immigration Joe Biden
97%
Detente, Watergate, Resigned Richard Nixon
97%
Massachusetts, Cuba, Moon John F. Kennedy
91%
Landslide, Vietnam, Medicare Lyndon B. Johnson
81%
General, Korea, Highways Dwight D. Eisenhower
78%
Kuwait, Noriega, Taxes George H. W. Bush
72%
Contras, Berlin, Challenger Ronald Reagan
72%
Serbia, Affairs, Surplus Bill Clinton
66%
Depression, Tariffs, Shantytowns Herbert Hoover
66%
Doctrine, Missouri, Prosperity James Monroe
53%
Imperialism, Canal, Progressive Theodore Roosevelt
50%
Reconstruction, Alaska, Impeached Andrew Johnson
44%
Whig, Tippecanoe, Pneumonia William Henry Harrison
44%
Democrat, Kansas, Secession James Buchanan
25%
No matching quizzes found
Score Distribution
Percent of People with Each Score
Percentile by Number Answered
Your Score History
You have not taken this quiz